000 00481cam a2200181ua 4500
020 _a0 85226 1411
_c60.00
041 _aeng
_h
082 _a546
_bCOT/AD
100 _aCotton, Albert.F .
245 _aAdvanced inorganic chemistry : A comprehensive text /
_cF.Albert Cotton.
_hTextual Documents
250 _a3 /
_b.
260 _aNew Delhi :
_bWiley Eastern Ltd ,
_c1985.
300 _a1145 ; .
365 _a60.00
504 _a
942 _cBK
999 _c1667
_d1667